Statistics for 3-Letter Scrabble Words that start with "M"

Click here to take the quiz!

General Stats

  • This quiz has been taken 3,209 times
    (3,197 since last reset)
  • The average score is 29 of 50

Answer Stats

Answer % Correct
man
93%
mat
92%
mad
90%
men
86%
map
86%
met
85%
mar
84%
mag
82%
mac
80%
mas
79%
may
79%
maw
76%
med
73%
max
73%
mae
67%
mop
67%
mel
67%
meg
67%
mid
66%
mew
65%
mil
60%
mot
57%
mom
57%
mem
56%
mis
55%
mic
55%
mob
55%
mod
55%
mig
54%
mon
54%
mir
49%
mow
49%
mib
48%
mog
48%
mol
47%
mut
46%
mix
46%
mor
45%
mim
44%
mud
44%
mos
42%
mug
42%
moc
40%
mum
40%
moo
38%
mun
34%
moa
32%
mus
29%
mho
3%
myc
2%

Score Distribution

Percentile by Number Answered

Percent of People with Each Score

Your Score History

You have not taken this quiz since the last reset